00900nam a2200277 i 4500001001000000003000900010005001700019007000300036008004100039040003000080041000800110082002300118100004000141245004500181264003700226300002800263336002700291337003300318338002800351590002600379650000900405910000700414942001400421952017000435999001700605000046089DO-SdBNP20250219133751.0ta250219s1985 dr a 000 0 spa d aDO-SdBNPbspacBNPHUerda hspa aV861.44bP438e2221 aPérez Machado, J. Meautor93758010aEcos del tiempo /cJ. M. Pérez Machado aSanto Domingo :bCorripio,c1985 a160 páginas ;c23 cm. ardacontentbtexto2txt ardamediabsin mediación2n ardacarrierbvolumen2nc aInventariado, 2025/DG 93475 aDG 2ddccLBS1 00102ddc51708PDaBNPHUbBNPHUcCTd2025-02-19edonaciónl0oBNPHU PD V861.44 P438ep2025-1065r2025-02-19w2025-02-19yLBS1zConsejo Nacional de Competitividad c58138d58138